ბათუმის შოთა რუსთაველის სახელმწიფო უნივერსიტეტის ბიბლიოთეკა

Focused Operations Management : (ბიბ.ჩანაწერი № 61858)

000 -LEADER
fixed length control field 00622nam a22001817a 4500
005 - DATE AND TIME OF LATEST TRANSACTION
control field 20240530111831.0
008 - FIXED-LENGTH DATA ELEMENTS--GENERAL INFORMATION
fixed length control field 240530s2008 enk||||| |||| 00| 0 eng d
020 ## - INTERNATIONAL STANDARD BOOK NUMBER
International Standard Book Number 9780470145104x
041 ## - LANGUAGE CODE
Language code of text/sound track or separate title eng
080 ## - UNIVERSAL DECIMAL CLASSIFICATION NUMBER
Universal Decimal Classification number 005.93 R-76
100 ## - MAIN ENTRY--PERSONAL NAME
Personal name Ronen, Boaz
9 (RLIN) 22229
245 ## - TITLE STATEMENT
Title Focused Operations Management :
Remainder of title Achieving More with Existing Resources /
Statement of responsibility, etc. Boaz Ronen, Shimeon Pass.
264 ## - PRODUCTION, PUBLICATION, DISTRIBUTION, MANUFACTURE, AND COPYRIGHT NOTICE
Place of production, publication, distribution, manufacture New Jersey :
Name of producer, publisher, distributor, manufacturer Wiley
Date of production, publication, distribution, manufacture, or copyright notice 2008.
300 ## - PHYSICAL DESCRIPTION
Extent 450 p.;
Other physical details 24 cm.
653 ## - INDEX TERM--UNCONTROLLED
keyword ოპერაციების მენეჯმენტი
700 ## - ADDED ENTRY--PERSONAL NAME
Personal name Pass, Shimeon
Relator term ავტორი
9 (RLIN) 22230
942 ## - ADDED ENTRY ELEMENTS (KOHA)
Source of classification or shelving scheme
Koha item type წიგნი
ეგზემპლარები
Withdrawn status Lost status Source of classification or shelving scheme Damaged status Not for loan Permanent Location Current Location Shelving location Date acquired Cost, normal purchase price Full call number Barcode Date last seen Copy number Price effective from Koha item type Public note
          ბათუმის შოთა რუსთაველის სახელმწიფო უნივერსიტეტის მთავარი ბიბლიოთეკა ბათუმის შოთა რუსთაველის სახელმწიფო უნივერსიტეტის მთავარი ბიბლიოთეკა წიგნსაცავი 2024-05-30 140.80 005.93 R-76 68003 2024-05-30 68003 2024-05-30 წიგნი 140 ლ. 80 თ.